Каталог монет из недрагоценных металлов и банкнот евро. [2019, вып. 2]: 1999-2022 (Запись № 11981156)

Подробности
000 -МАРКЕР
контрольное поле 01356nam2a2200265 4500
001 - ИДЕНТИФИКАТОР ЗАПИСИ
контрольное поле RU\NLR\BIBL_A\012118631
005 - ИДЕНТИФИКАТОР ВЕРСИИ
контрольное поле 20191115143825.0
010 ## - МЕЖДУНАРОДНЫЙ СТАНДАРТНЫЙ НОМЕР КНИГИ (ISBN)
Номер (ISBN) 978-5-9500485-9-3
021 ## - НОМЕР ГОСУДАРСТВЕННОЙ РЕГИСТРАЦИИ
Код страны Российская Федерация
Номер КН-П-19-069295
Номер Листа государственной регистраци КН-П-19-4994
035 ## - ДРУГИЕ СИСТЕМНЫЕ НОМЕРА
Идентификатор записи (NLR Aleph) 012118631
035 ## - ДРУГИЕ СИСТЕМНЫЕ НОМЕРА
Идентификатор записи (RuMoRGB)010095264
100 ## - ДАННЫЕ ОБЩЕЙ ОБРАБОТКИ
Данные общей обработки 20191014d2019 k y0rusy50 ca
101 0# - ЯЗЫК РЕСУРСА
Язык текста, звукозаписи и т.д. русский
102 ## - СТРАНА ПУБЛИКАЦИИ ИЛИ ПРОИЗВОДСТВА
Страна публикации Российская Федерация
105 ## - ПОЛЕ КОДИРОВАННЫХ ДАННЫХ: ТЕКСТОВЫЕ МАТЕРИАЛЫ, МОНОГРАФИЧЕСКИЕ
Кодированные данные о монографическом текстовом документе a|||b|||000zy
200 1# - ЗАГЛАВИЕ И СВЕДЕНИЯ ОБ ОТВЕТСТВЕННОСТИ
Основное заглавие 1999-2022
Первые сведения об ответственности [авторы-составители: Гусев Савелий Олегович, Григорьева Екатерина Сергеевна]
210 ## - ПУБЛИКАЦИЯ, РАСПРОСТРАНЕНИЕ И ДР.
Дата издания, распространения и т.д. 2019
215 ## - ФИЗИЧЕСКАЯ ХАРАКТЕРИСТИКА
Специфическое обозначение материала и объем 196 с.
Другие сведения о физической характеристике ил., цв. ил., табл.
461 #0 - УРОВЕНЬ НАБОРА
Встроенное поле 001RU\NLR\BIBL_A\011706817
-- 2001#$aКаталог монет из недрагоценных металлов и банкнот евро$fCoins Moscow[.ru$gКоролева Д. А.]$v[2019, вып. 2]
Системный номер (АБИС) связанной записи 11414264
Место публикации Москва
Дата публикации [2018]
Первые сведения об ответственности CoinsMoscow[.ru
Имя издателя, распространителя и т.д. Coins Mosсow
Заглавие Каталог монет из недрагоценных металлов и банкнот евро
Номер тома [2019, вып. 2]
702 #1 - ИМЯ ЛИЦА - ВТОРИЧНАЯ ОТВЕТСТВЕННОСТЬ
Код отношения Составитель
Начальный элемент ввода Гусев
Часть имени, кроме начального элемента ввода С. О.
Дополнения к именам, кроме дат бизнесмен, специалист по антиквариату
Расширение инициалов личного имени Савелий Олегович
Системный номер авторитетной/нормативной записи 204782
Идентификатор авторитетной/нормативной записи RU\NLR\AUTH\770204834
942 ## - ДОПОЛНИТЕЛЬНЫЕ ЭЛЕМЕНТЫ ЗАПИСИ (АБИС)
Тип экземпляра АБИС Книга
980 ## - КОЛЛЕКЦИЯ
Название коллекции Национальная библиография
Экземпляры
Тип экземпляра Дата поступления Источник поступления Библиотека постоянного хранения Библиотека текущего хранения Место хранения Шифр хранения Штрих-код Статус экземпляра
Книга 14.10.2019 Обязательный экземпляр РНБ (Московский) РНБ (Московский) Русский книжный фонд: издания с 1957 года 2018-3/7127 1-2883371  
Книга 14.10.2019 Обязательный экземпляр РНБ (Московский) РНБ (Московский) Русский книжный фонд: издания с 1957 года 2018-3/7127 1-2883372